00566nam a2200181Ia 4500001001000000003000500010008004100015010001100056040000900067082002000076100003300096245011300129260003200242300001100274650004000285650003600325700002300361Para_2166CHAP220125s1995 xx 000 0 und d a200780 cCHAP aPA 633.10468 S8 aSubramanyam, Bhadriraju, ed. aIntegrated management of insects in stored products /c ed. by Bhadriraju Subramanyam and David W. Hagstrum aNew York :b Marcel Dekker a426 p. aCereales x Almacenamientoxplagas  aInsectos parasitos y predatores aHagstrum, David W.